000
00321nam a22001457a 4500
003
SGT
082
_b
MAZ
100
_a
MAZIDI MD ALI
245
_a
THE 8051 MICROCONTROLLER AND BEDDED SYSTEMS
250
_a
2ND
260
_b
PEARSON INDIA
_c
2008
300
_a
547
650
_a
COMMERCE MANAGEMENT
942
_2
ddc
_c
BK
999
_c
15500
_d
15500